[Event "Mechanics' Fall TNM; 30/90, SD/30"]
[Site "San Francisco"]
[Date "2010.10.20"]
[Round "1.23"]
[White "Abraham, Renjish"]
[Black "Rakonitz, David"]
[Result "1-0"]
[WhiteElo "1821"]
[BlackElo "1347"]
[PlyCount "123"]
[EventDate "2010.??.??"]

1. d4 Nf6 2. c4 e6 3. Nc3 Bb4 4. e3 c5 5. a3 Bxc3+ 6. bxc3 Nc6 7. Nf3 Ne4 8.
Qc2 f5 9. Nd2 Nf6 10. Bd3 O-O 11. O-O d6 12. Bb2 Qc7 13. e4 Ng4 14. h3 Nh6 15.
Nf3 Qe7 16. Rfe1 Qf6 17. e5 dxe5 18. Nxe5 Nxe5 19. Rxe5 b6 20. Rae1 Bd7 21. d5
Nf7 22. Rxe6 Bxe6 23. Rxe6 Qh4 24. Bxf5 Ng5 25. Re3 Qf4 26. Bd3 Rae8 27. Bc1
Rxe3 28. Bxe3 Qf6 29. h4 Nf7 30. Bxh7+ Kh8 31. g3 Ne5 32. Bd3 Nf3+ 33. Kf1 Nh2+
34. Ke1 Ng4 35. Bf4 Re8+ 36. Kf1 Ne5 37. Qe2 Qe7 38. Qh5+ Kg8 39. Qxe5 Qxe5 40.
Bxe5 Rxe5 41. Kg2 Kf8 42. Kf3 Ke7 43. Be4 Kd6 44. a4 a5 45. Ke3 Rh5 46. f4 Rh8
47. Kf3 Ke7 48. f5 Kd6 49. Kf4 Re8 50. g4 Rf8 51. g5 g6 52. f6 Rg8 53. f7 Rh8
54. Kg4 Ke7 55. Bxg6 Rf8 56. Bh5 Rd8 57. g6 Kf6 58. Kf4 Rf8 59. d6 Rd8 60. Ke4
Ke6 61. g7 Rxd6 62. f8=Q 1-0

[Event "Mechanics' Fall TNM; 30/90, SD/30"]
[Site "San Francisco"]
[Date "2010.11.23"]
[Round "6.14"]
[White "Abraham, Renjish"]
[Black "Thomas, Melvin"]
[Result "1-0"]
[WhiteElo "1821"]
[BlackElo "1613"]
[PlyCount "63"]
[EventDate "2010.??.??"]

1. d4 d5 2. c4 c6 3. Nc3 Nf6 4. Nf3 Bg4 5. h3 Bh5 6. cxd5 cxd5 7. Bf4 Nc6 8. a3
a6 9. b4 b5 10. Rc1 Rc8 11. e3 e6 12. Be2 Bd6 13. Bxd6 Qxd6 14. O-O O-O 15. Nd2
Bg6 16. Nb3 Nd7 17. Nc5 Ncb8 18. a4 bxa4 19. Qxa4 Rc6 20. Ra1 Nb6 21. Qb3 N6d7
22. Ra5 Rb6 23. Rfa1 Kh8 24. N3a4 Rc6 25. Nxd7 Qxd7 26. Nc5 Qc8 27. Bxa6 Nxa6
28. Rxa6 Rxa6 29. Rxa6 Qc7 30. b5 Rb8 31. b6 Qc6 32. b7 1-0

[Event "Mechanics' Fall TNM; 30/90, SD/30"]
[Site "San Francisco"]
[Date "2010.11.30"]
[Round "7.25"]
[White "Allen, Tom"]
[Black "Capdeville, Barry"]
[Result "1-0"]
[WhiteElo "1530"]
[BlackElo "1298"]
[PlyCount "39"]
[EventDate "2010.??.??"]

1. e4 c5 2. d4 cxd4 3. c3 dxc3 4. Nxc3 Nc6 5. Nf3 d6 6. Bc4 e6 7. O-O Be7 8.
Qe2 Nf6 9. Rd1 Bd7 10. Nb5 Qb8 11. Bg5 O-O 12. Bxf6 Bxf6 13. Nxd6 Be7 14. Nxf7
Rxf7 15. Rxd7 Nd8 16. Rad1 Qf4 17. Nd4 Bd6 18. Rxd6 Qxd6 19. Nxe6 Rxf2 20.
Nxd8+ 1-0

[Event "Mechanics' Fall TNM; 30/90, SD/30"]
[Site "San Francisco"]
[Date "2010.10.26"]
[Round "2.17"]
[White "Allen, Tom"]
[Black "Chamberlain, Ethan"]
[Result "0-1"]
[WhiteElo "1530"]
[BlackElo "1703"]
[PlyCount "62"]
[EventDate "2010.??.??"]

1. e4 c5 2. d4 cxd4 3. c3 dxc3 4. Nxc3 e6 5. Nf3 d6 6. Bc4 Be7 7. O-O Nf6 8. e5
dxe5 9. Nxe5 Qxd1 10. Rxd1 a6 11. a4 Nbd7 12. Nf3 O-O 13. Bf4 b6 14. Nd4 Bc5
15. Bg3 Re8 16. Rd2 Bb7 17. Rad1 Nb8 18. Bh4 Be7 19. Nc2 Nc6 20. Bxf6 Bxf6 21.
Rd7 Na5 22. Ba2 Bc6 23. R7d6 Be5 24. R6d3 Bxc3 25. Rxc3 Bxa4 26. b3 Bb5 27. Rc1
Rec8 28. Re3 Rc7 29. b4 Nb7 30. Ree1 Rac8 31. Bb3 Bd3 0-1

[Event "Mechanics' Fall TNM; 30/90, SD/30"]
[Site "San Francisco"]
[Date "2010.12.14"]
[Round "9.18"]
[White "Allen, Tom"]
[Black "MacIntyre, Brendan"]
[Result "0-1"]
[WhiteElo "1530"]
[BlackElo "1676"]
[PlyCount "54"]
[EventDate "2010.??.??"]

1. e4 c5 2. d4 cxd4 3. c3 dxc3 4. Nxc3 Nc6 5. Nf3 e6 6. Bc4 Be7 7. O-O Nf6 8.
e5 Ng4 9. Qe2 d5 10. exd6 Qxd6 11. Rd1 Qb8 12. h3 Nf6 13. Bg5 O-O 14. Bh4 a6
15. Ne4 b5 16. Nxf6+ Bxf6 17. Bxf6 gxf6 18. Bd3 Ne5 19. Be4 Ra7 20. Bc2 Ng6 21.
Rd4 Rd7 22. Rg4 Rfd8 23. Rd1 Rxd1+ 24. Bxd1 e5 25. Rg3 Be6 26. b3 Qc8 27. Nd2
Qc1 0-1

[Event "Mechanics' Fall TNM; 30/90, SD/30"]
[Site "San Francisco"]
[Date "2010.11.09"]
[Round "4.26"]
[White "Allen, Tom"]
[Black "Nelson, Christopher"]
[Result "0-1"]
[WhiteElo "1530"]
[BlackElo "1544"]
[PlyCount "84"]
[EventDate "2010.??.??"]

1. e4 e5 2. Nf3 Nc6 3. d4 exd4 4. c3 Nf6 5. e5 Qe7 6. Qe2 Nd5 7. cxd4 g6 8. Qb5
Qb4+ 9. Bd2 Qxb5 10. Bxb5 Ncb4 11. Ba4 Nd3+ 12. Ke2 Nxb2 13. Bb3 Nb6 14. Rc1 d5
15. Nc3 c6 16. Bg5 Bg4 17. Bf6 Rg8 18. h3 Bxf3+ 19. Kxf3 N2c4 20. Rc2 Bb4 21.
Rd1 a5 22. a4 Bxc3 23. Rxc3 Nb2 24. Ra1 N2c4 25. Rc2 Kd7 26. h4 h6 27. Kg4 Ke6
28. f4 Ne3+ 29. Kf3 Nxc2 30. Bxc2 Nd7 31. g4 Nxf6 32. f5+ Ke7 33. exf6+ Kxf6
34. Rb1 Rab8 35. Rg1 g5 36. Rh1 Rh8 37. Kg3 b6 38. Rb1 c5 39. dxc5 bxc5 40. Rb5
Rxb5 41. axb5 Rb8 42. Ba4 d4 0-1

[Event "Mechanics' Fall TNM; 30/90, SD/30"]
[Site "San Francisco"]
[Date "2010.10.20"]
[Round "1.16"]
[White "Alzhin, Leonid"]
[Black "Anderson, Michael"]
[Result "1/2-1/2"]
[WhiteElo "1525"]
[BlackElo "1910"]
[PlyCount "108"]
[EventDate "2010.??.??"]

1. d4 Nf6 2. c4 e6 3. Nc3 c5 4. Nf3 cxd4 5. Nxd4 a6 6. g3 Nc6 7. Bg2 Nxd4 8.
Qxd4 Qc7 9. Bf4 d6 10. Bg5 Be7 11. O-O O-O 12. Rad1 Rd8 13. Be3 Bd7 14. b3 Bc6
15. Qb6 Qc8 16. Bh3 Nd7 17. Qd4 b5 18. cxb5 axb5 19. Rc1 Qb7 20. Rc2 b4 21. Na4
d5 22. Rfc1 Bxa4 23. bxa4 Rxa4 24. Rc7 Qa8 25. Qb2 Rxa2 26. Qb1 h6 27. Bf1 e5
28. Bh3 d4 29. Bxd7 dxe3 30. Rc8 exf2+ 31. Kxf2 Qa6 32. Rxd8+ Bxd8 33. Bb5 Bb6+
34. Kf1 Qa8 35. Bc6 Qa6 36. Bf3 Be3 37. Rd1 Bd4 38. Qxb4 Ra1 39. Rxa1 Qxa1+ 40.
Qe1 Qxe1+ 41. Kxe1 Be3 42. g4 g6 43. h3 f5 44. gxf5 gxf5 45. Bd5+ Kg7 46. Kf1
Kf6 47. Kg2 e4 48. Bc4 Ke5 49. Kf1 Kf4 50. Kg2 Bd2 51. Bb5 Ke3 52. Bc4 Be1 53.
Be6 f4 54. Bc4 h5 1/2-1/2

[Event "Mechanics' Fall TNM; 30/90, SD/30"]
[Site "San Francisco"]
[Date "2010.11.09"]
[Round "4.15"]
[White "Alzhin, Leonid"]
[Black "Krasnov, Steven"]
[Result "1-0"]
[WhiteElo "1525"]
[BlackElo "1926"]
[PlyCount "51"]
[EventDate "2010.??.??"]

1. d4 d5 2. c4 c6 3. Nc3 Nf6 4. e3 a6 5. Bd3 dxc4 6. Bxc4 b5 7. Bd3 Nbd7 8.
Nge2 e5 9. O-O Bd6 10. f4 exf4 11. e4 Qb6 12. Kh1 Be7 13. Bxf4 Bb7 14. Be3 O-O
15. Ng3 g6 16. Qf3 b4 17. Nce2 c5 18. b3 Rac8 19. Bc4 Bc6 20. Rac1 cxd4 21.
Nxd4 Bc5 22. Rfd1 Rce8 23. Nxc6 Bxe3 24. Rd6 Qc5 $2 (24... Bxc1 25. Ne7+ Kg7 (
25... Rxe7 26. Rxb6 Nxb6 27. Qxf6 $11) 26. Rxb6 Nxb6 27. Nc6 $15) 25. Bxf7+
Rxf7 26. Rxc5 1-0

[Event "Mechanics' Fall TNM; 30/90, SD/30"]
[Site "San Francisco"]
[Date "2010.11.23"]
[Round "6.15"]
[White "Alzhin, Leonid"]
[Black "Sherwood, Peter"]
[Result "0-1"]
[WhiteElo "1525"]
[BlackElo "1808"]
[PlyCount "120"]
[EventDate "2010.??.??"]

1. d4 d5 2. c4 dxc4 3. e3 e5 4. Bxc4 exd4 5. exd4 Bd6 6. Nf3 Nf6 7. O-O O-O 8.
Nc3 a6 9. Bg5 Bg4 10. Nd5 Nbd7 11. Qb3 b5 12. Be2 Be6 13. Bh4 Bxd5 14. Qc2 Be4
15. Qd2 Re8 16. Ng5 Bg6 17. Bf3 Rb8 18. Nh3 c5 19. Bc6 Qc7 20. d5 Re4 21. f4
Rd4 22. Qc1 Nxd5 23. Bxd5 Rxd5 24. Qe3 c4 25. Qf3 Rd3 26. Qg4 Qc5+ 27. Nf2 Nf8
28. Kh1 h5 29. Nxd3 Bxd3 30. Qg3 Bxf1 31. Rxf1 Ng6 32. Bg5 Re8 33. h4 f6 34.
Bxf6 Qf5 35. Bg5 Qd3 36. Rf3 Qb1+ 37. Kh2 Re1 38. Qf2 Rh1+ 39. Kg3 Qe1 40. Qxe1
Rxe1 41. Kf2 Rb1 42. b3 Rb2+ 43. Kg3 Rxa2 44. bxc4 bxc4 45. Kh3 Ra3 46. Rxa3
Bxa3 47. f5 Ne7 48. f6 gxf6 49. Bxf6 Nd5 50. Bg5 c3 51. g4 hxg4+ 52. Kxg4 c2
53. Kf3 c1=Q 54. Bxc1 Bxc1 55. Ke4 Nf6+ 56. Kd3 Kg7 57. Kc2 Be3 58. Kb3 a5 59.
Kc4 Bd2 60. Kb3 Kh6 0-1

[Event "Mechanics' Fall TNM; 30/90, SD/30"]
[Site "San Francisco"]
[Date "2010.12.14"]
[Round "9.17"]
[White "Alzhin, Leonid"]
[Black "Thomas, Melvin"]
[Result "1-0"]
[WhiteElo "1525"]
[BlackElo "1613"]
[PlyCount "81"]
[EventDate "2010.??.??"]

1. d4 d5 2. c4 e6 3. Nc3 c6 4. Nf3 Nf6 5. Bf4 Bd6 6. Bxd6 Qxd6 7. e3 O-O 8.
cxd5 exd5 9. Bd3 Bg4 10. h3 Bh5 11. g4 Bg6 12. Nh4 Nbd7 13. Nxg6 fxg6 14. Qc2
Rae8 15. O-O-O b5 16. Rde1 b4 17. Ne2 Ne4 18. Nf4 Ndf6 19. h4 c5 20. Nxd5 cxd4
21. Nxf6+ gxf6 22. Kb1 Nc5 23. Bc4+ Kh8 24. Rd1 Rc8 25. exd4 Nb7 26. h5 f5 27.
gxf5 Rxf5 28. Qe2 g5 29. Be6 Re8 30. Rhe1 Rf6 31. d5 Nc5 32. Qb5 Rb8 33. Qc4
Rf4 34. Qc1 h6 35. b3 Rxf2 36. Qe3 Rbf8 37. Rc1 Qh2 38. Qd4+ Kh7 39. Rxc5 Rd2
40. Rc7+ Qxc7 41. Qxd2 1-0

[Event "Mechanics' Fall TNM; 30/90, SD/30"]
[Site "San Francisco"]
[Date "2010.11.02"]
[Round "3.12"]
[White "Anderson, Michael"]
[Black "Standen, Julian"]
[Result "0-1"]
[WhiteElo "1910"]
[BlackElo "1699"]
[PlyCount "75"]
[EventDate "2010.??.??"]

1. e4 c6 2. d4 d5 3. exd5 cxd5 4. Bd3 Nf6 5. h3 e6 6. Nf3 Be7 7. O-O O-O 8. Re1
Bd7 9. Nbd2 Nc6 10. c3 Rc8 11. Ne5 Nxe5 12. dxe5 Ne8 13. Nf3 f5 14. exf6 Bxf6
15. Qe2 g6 16. Bh6 Ng7 17. Ne5 Bxe5 18. Qxe5 Rf7 19. Bxg7 Rxg7 20. Be2 Rf7 21.
Bg4 Qf6 22. Bxe6 Qxf2+ 23. Kh1 Bxe6 24. Qxe6 Rc6 25. Qxd5 Rcf6 26. Rf1 Qxf1+
27. Rxf1 Rxf1+ 28. Kh2 R1f2 29. b4 a6 30. a4 Kg7 31. b5 axb5 32. axb5 R2f4 33.
Qd4+ Kf8 34. Qd8+ Kg7 35. c4 R7f6 36. c5 Kf7 37. c6 bxc6 38. bxc6 {
remainder illegible} 0-1

[Event "Mechanics' Fall TNM; 30/90, SD/30"]
[Site "San Francisco"]
[Date "2010.11.09"]
[Round "4.3"]
[White "Bambou, Christophe"]
[Black "Byambaa, Uyanga"]
[Result "1-0"]
[WhiteElo "2093"]
[BlackElo "1854"]
[PlyCount "59"]
[EventDate "2010.??.??"]

1. d4 f5 2. Nf3 Nf6 3. g3 g6 4. Bg2 Bg7 5. O-O O-O 6. b3 d6 7. Bb2 c6 8. c4 Qe8
9. Nbd2 Nbd7 10. Qc2 e5 11. dxe5 dxe5 12. e4 f4 13. c5 Nh5 14. Nc4 Qe6 15. Rad1
fxg3 16. fxg3 Nxc5 17. Ncxe5 Qe7 18. Ba3 b6 19. Nxc6 Qc7 20. Ncd4 Ba6 21. Rfe1
Rfc8 22. Bh3 Nd3 23. Qxc7 Rxc7 24. Re3 Ne5 25. Ne6 Nxf3+ 26. Rxf3 Rc2 27. Nxg7
Kxg7 28. Rd7+ Kh6 29. Rff7 Rh8 30. g4 1-0

[Event "Mechanics' Fall TNM; 30/90, SD/30"]
[Site "San Francisco"]
[Date "2010.10.26"]
[Round "2.12"]
[White "Bambou, Christophe"]
[Black "Harris, John"]
[Result "1-0"]
[WhiteElo "2093"]
[BlackElo "1596"]
[PlyCount "43"]
[EventDate "2010.??.??"]

1. d4 Nf6 2. c4 g6 3. Nc3 d5 4. cxd5 Nxd5 5. Bd2 Bg7 6. e4 Nxc3 7. Bxc3 c5 8.
d5 Bxc3+ 9. bxc3 Qa5 10. Qd2 Nd7 11. Rb1 O-O 12. Nf3 Nf6 13. Bd3 Kg7 14. Rb5
Qa4 15. c4 Nxe4 16. Bxe4 Qxc4 17. Qb2+ f6 18. Nd2 Qd4 19. Qxd4 cxd4 20. Nb3 Rb8
21. Nxd4 Rd8 22. Nc6 1-0

[Event "Mechanics' Fall TNM; 30/90, SD/30"]
[Site "San Francisco"]
[Date "2010.11.23"]
[Round "6.1"]
[White "Bambou, Christophe"]
[Black "Zavadsky, Peter"]
[Result "1-0"]
[WhiteElo "2093"]
[BlackElo "2290"]
[PlyCount "57"]
[EventDate "2010.??.??"]

1. d4 Nf6 2. c4 e6 3. Nf3 Bb4+ 4. Bd2 Qe7 5. Nc3 O-O 6. g3 d6 7. Qc2 e5 8. d5
Nbd7 9. Bg2 Nc5 10. O-O Bg4 11. Ne1 h6 12. e4 a5 13. a3 Bxc3 14. Bxc3 a4 15. f3
Bd7 16. Nd3 Nxd3 17. Qxd3 Nh7 18. f4 f6 19. Rae1 Rab8 20. Rf2 Rfd8 21. Qf1 b5
22. Bh3 Bxh3 23. Qxh3 exf4 24. gxf4 bxc4 25. Rg2 Kh8 26. e5 dxe5 27. fxe5 Rb3
28. Qe6 Qxe6 29. dxe6 {B time exp} 1-0

[Event "Mechanics' Fall TNM; 30/90, SD/30"]
[Site "San Francisco"]
[Date "2010.11.09"]
[Round "4.21"]
[White "Banik, Siddharth"]
[Black "Clarke, Steven"]
[Result "1-0"]
[WhiteElo "1753"]
[BlackElo "1492"]
[PlyCount "41"]
[EventDate "2010.??.??"]

1. e4 e6 2. d4 d5 3. Nc3 dxe4 4. Nxe4 Bd7 5. Bd3 Bc6 6. Nf3 Nd7 7. O-O Ngf6 8.
Qe2 Nxe4 9. Bxe4 Bxe4 10. Qxe4 c6 11. Bf4 Be7 12. Rfe1 O-O 13. Rad1 Nf6 14. Qd3
h6 15. Ne5 Nd5 16. Bc1 Qc7 17. Qg3 Kh8 18. c4 f6 19. Ng6+ Kh7 20. Nxf8+ Rxf8
21. cxd5 1-0

[Event "Mechanics' Fall TNM; 30/90, SD/30"]
[Site "San Francisco"]
[Date "2010.11.02"]
[Round "3.10"]
[White "Banik, Siddharth"]
[Black "Gaffagan, Steven"]
[Result "0-1"]
[WhiteElo "1753"]
[BlackElo "2054"]
[PlyCount "68"]
[EventDate "2010.??.??"]

1. e4 c5 2. Nf3 d6 3. d4 cxd4 4. Nxd4 Nf6 5. Nc3 a6 6. f4 Qc7 7. Qf3 e6 8. Be3
Nc6 9. Rd1 Bd7 10. g4 Nxd4 11. Bxd4 Bc6 12. Bd3 b5 13. g5 Nd7 14. O-O b4 15.
Ne2 e5 16. fxe5 Nxe5 17. Bxe5 dxe5 18. Bc4 Bc5+ 19. Kh1 O-O 20. Ng3 Qb7 21. Bd5
Bxd5 22. Rxd5 Bd4 23. c3 bxc3 24. bxc3 Ba7 25. Rxe5 Bb8 26. Rd5 Bxg3 27. hxg3
Rae8 28. c4 Re6 29. c5 Qe7 30. Rfd1 h6 31. gxh6 Rxh6+ 32. Kg1 Rb8 33. Rd7 Qxc5+
34. Qf2 {draw offer} Rh1+ 0-1

[Event "Mechanics' Fall TNM; 30/90, SD/30"]
[Site "San Francisco"]
[Date "2010.11.30"]
[Round "7.7"]
[White "Banik, Siddharth"]
[Black "Wong, Russell"]
[Result "0-1"]
[WhiteElo "1753"]
[BlackElo "2200"]
[PlyCount "48"]
[EventDate "2010.??.??"]

1. e4 d6 2. d4 Nf6 3. Bd3 e5 4. d5 g6 5. c4 Bg7 6. Nc3 O-O 7. Nge2 Nbd7 8. f3
a6 9. Be3 c6 10. Qd2 cxd5 11. cxd5 b5 12. g4 Nb6 13. h4 h5 14. gxh5 Nxh5 15.
Bg5 Qc7 16. Bh6 Bd7 17. Bxg7 Kxg7 18. Rg1 Qc5 19. Rg5 Rh8 20. Nd1 Nc4 21. Bxc4
bxc4 22. f4 Nxf4 23. Nxf4 Rxh4 24. Qg2 exf4 0-1

[Event "Mechanics' Fall TNM; 30/90, SD/30"]
[Site "San Francisco"]
[Date "2010.10.26"]
[Round "2.19"]
[White "Barrow, Lyle"]
[Black "Standen, Julian"]
[Result "0-1"]
[WhiteElo "1503"]
[BlackElo "1699"]
[PlyCount "54"]
[EventDate "2010.??.??"]

1. e4 c6 2. d4 d5 3. Nc3 dxe4 4. Nxe4 Nd7 5. Nf3 Ngf6 6. Ng3 e6 7. Bd3 Bd6 8.
O-O O-O 9. Bg5 h6 10. Bd2 b6 11. Qc1 Re8 12. Bxh6 gxh6 13. Qxh6 Bf8 14. Qg5+
Bg7 15. h4 Nh7 16. Bxh7+ Kxh7 17. Qh5+ Kg8 18. Ng5 Qf6 19. N3e4 Qg6 20. Qf3 Nf6
21. Nd6 Rf8 22. Qxc6 Ba6 23. Ndxf7 Bxf1 24. Kxf1 Rae8 25. Ne5 Qf5 26. Re1 Nd5
27. g4 Qxf2# 0-1

[Event "Mechanics' Fall TNM; 30/90, SD/30"]
[Site "San Francisco"]
[Date "2010.11.16"]
[Round "5.27"]
[White "Barrow, Lyle"]
[Black "Zhang, Jeffrey"]
[Result "0-1"]
[WhiteElo "1503"]
[BlackElo "1607"]
[PlyCount "40"]
[EventDate "2010.??.??"]

1. e4 e6 2. d3 d5 3. Nc3 Nf6 4. Qe2 Be7 5. Nf3 O-O 6. g3 dxe4 7. dxe4 b6 8. a3
Bb7 9. Bg2 Nbd7 10. O-O Nc5 11. e5 Nd5 12. Nxd5 Bxd5 13. Rd1 Rb8 14. b4 Na4 15.
Bd2 Qc8 16. Rab1 Rd8 17. c4 Bc6 18. Bf4 Rxd1+ 19. Rxd1 Nc3 20. Qc2 Nxd1 0-1

[Event "Mechanics' Fall TNM; 30/90, SD/30"]
[Site "San Francisco"]
[Date "2010.11.30"]
[Round "7.4"]
[White "Byambaa, Uyanga"]
[Black "Fuentes, Romulo"]
[Result "0-1"]
[WhiteElo "1854"]
[BlackElo "2235"]
[PlyCount "78"]
[EventDate "2010.??.??"]

1. e4 c5 2. Nf3 d6 3. d4 cxd4 4. Nxd4 Nf6 5. Nc3 a6 6. Bd3 g6 7. Be3 Bg7 8. f3
O-O 9. g4 Nc6 10. Qd2 Nxd4 11. Bxd4 Be6 12. g5 Nh5 13. Bxg7 Kxg7 14. f4 Qa5 15.
Be2 Rac8 16. f5 Qb4 17. O-O-O Bd7 18. Bxh5 gxh5 19. f6+ exf6 20. gxf6+ Kh8 21.
Qh6 Rg8 22. Rhg1 Bg4 23. Rd3 Qc5 24. Rdg3 b5 25. R1g2 Qe5 26. h3 b4 27. hxg4
bxc3 28. bxc3 Rxc3 29. Rxc3 Qxc3 30. Re2 hxg4 31. Re3 Qa1+ 32. Kd2 Qxa2 33. Rb3
Qa5+ 34. Ke2 Qd8 35. Kd3 d5 36. Rb4 g3 37. exd5 g2 38. Rb1 Qxd5+ 39. Kc3 g1=Q {
B won in 1 more move} 0-1

[Event "Mechanics' Fall TNM; 30/90, SD/30"]
[Site "San Francisco"]
[Date "2010.10.20"]
[Round "1.21"]
[White "Byambaa, Uyanga"]
[Black "Morgan, Jerry"]
[Result "1-0"]
[WhiteElo "1854"]
[BlackElo "1478"]
[PlyCount "41"]
[EventDate "2010.??.??"]

1. e4 c6 2. d4 d5 3. Nd2 dxe4 4. Nxe4 Bf5 5. Ng3 Bg6 6. Nf3 Nd7 7. h4 h6 8. Bc4
e6 9. O-O Bd6 10. Qe2 Ngf6 11. Ne5 Bxe5 12. dxe5 Nd5 13. h5 Bh7 14. Re1 Qc7 15.
Bb3 O-O-O 16. c4 Ne7 17. Bd2 Nc5 18. Bb4 Nd3 19. Bd6 Qd7 20. Red1 Nf4 21. Qe3
1-0

[Event "Mechanics' Fall TNM; 30/90, SD/30"]
[Site "San Francisco"]
[Date "2010.11.23"]
[Round "6.3"]
[White "Byambaa, Uyanga"]
[Black "Rumph, Todd"]
[Result "1/2-1/2"]
[WhiteElo "1854"]
[BlackElo "2051"]
[PlyCount "61"]
[EventDate "2010.??.??"]

1. e4 c6 2. d4 d5 3. e5 Bf5 4. Nf3 e6 5. Bd3 Bxd3 6. Qxd3 Qa5+ 7. Nbd2 Qa6 8.
Qe3 Ne7 9. g4 h5 10. g5 Nf5 11. Qb3 c5 12. c3 Nc6 13. dxc5 Bxc5 14. g6 O-O 15.
gxf7+ Rxf7 16. Qd1 Nh4 17. Qe2 Nxf3+ 18. Nxf3 Rxf3 19. Qxf3 Nxe5 20. Qe2 Nd3+
21. Kd2 Rf8 22. f3 Ne5 23. Qxa6 Nxf3+ 24. Ke2 bxa6 25. Be3 Bxe3 26. Kxe3 Ne5
27. Rhf1 Nc4+ 28. Ke2 Rxf1 29. Rxf1 Nxb2 30. h4 Nc4 31. Kd3 1/2-1/2

[Event "Mechanics' Fall TNM; 30/90, SD/30"]
[Site "San Francisco"]
[Date "2010.11.02"]
[Round "3.5"]
[White "Byambaa, Uyanga"]
[Black "Wong, Russell"]
[Result "1-0"]
[WhiteElo "1854"]
[BlackElo "2200"]
[PlyCount "47"]
[EventDate "2010.??.??"]

1. e4 Nf6 2. e5 Nd5 3. c4 Nb6 4. d4 d6 5. f4 dxe5 6. fxe5 Nc6 7. Be3 Bf5 8. Nc3
e6 9. Nf3 Bg4 10. Be2 Bxf3 11. gxf3 Qh4+ 12. Bf2 Qf4 13. c5 Nd7 14. Qd2 Qxd2+
15. Kxd2 O-O-O 16. Kc2 g6 17. f4 Ndb8 18. Rad1 Rd7 19. a3 Bh6 20. Be3 Rhd8 21.
d5 Rxd5 22. Nxd5 exd5 23. Bg4+ Nd7 24. Rxd5 1-0

[Event "Mechanics' Fall TNM; 30/90, SD/30"]
[Site "San Francisco"]
[Date "2010.12.14"]
[Round "9.23"]
[White "Capdeville, Barry"]
[Black "Hilliard, Michael"]
[Result "1/2-1/2"]
[WhiteElo "1298"]
[BlackElo "1543"]
[PlyCount "67"]
[EventDate "2010.??.??"]

1. e4 c6 2. d4 d5 3. e5 Bf5 4. Nd2 e6 5. Nb3 a5 6. a4 Qb6 7. Nf3 c5 8. Bb5+ Nc6
9. Be3 cxd4 10. Nbxd4 Qc7 11. Nxf5 exf5 12. Bf4 Nge7 13. O-O O-O-O 14. Qd3 h6
15. Qb3 g5 16. Bd2 Bg7 17. Bxc6 bxc6 18. Rfe1 g4 19. Nd4 Bxe5 20. Bxa5 Qd6 21.
Bxd8 Rxd8 22. c3 Bxh2+ 23. Kh1 Be5 24. Rad1 h5 25. c4 f4 26. Nb5 Qf6 27. Na7+
Kc7 28. cxd5 Rb8 29. Qc4 Rxb2 30. Nb5+ Kc8 31. Na7+ Kc7 32. Nb5+ Kc8 33. Na7+
Kc7 34. Nb5+ 1/2-1/2

[Event "Mechanics' Fall TNM; 30/90, SD/30"]
[Site "San Francisco"]
[Date "2010.10.20"]
[Round "1.14"]
[White "Capdeville, Barry"]
[Black "Krasnov, Steven"]
[Result "0-1"]
[WhiteElo "1298"]
[BlackElo "1926"]
[PlyCount "66"]
[EventDate "2010.??.??"]

1. e4 g6 2. Nf3 c5 3. Nc3 Bg7 4. d3 Nc6 5. Be3 Nd4 6. Be2 e6 7. Qd2 d6 8. O-O
Bd7 9. Nd1 Rc8 10. c3 Nxe2+ 11. Qxe2 Nf6 12. Bg5 Qc7 13. Bxf6 Bxf6 14. d4 O-O
15. Ne3 Bc6 16. d5 exd5 17. exd5 Bd7 18. Nd2 b5 19. Ne4 Bg7 20. f4 Rfe8 21. Qf3
f5 22. Ng5 b4 23. Rac1 bxc3 24. bxc3 Qa5 25. Nc4 Qa6 26. Nd2 Qxa2 27. Qd3 c4
28. Qc2 Qa5 29. Rf3 Qxd5 30. Rd1 Qc5+ 31. Kh1 Re2 32. Rh3 Qf2 33. Rg3 Re1+ 0-1

[Event "Mechanics' Fall TNM; 30/90, SD/30"]
[Site "San Francisco"]
[Date "2010.11.23"]
[Round "6.24"]
[White "Capdeville, Barry"]
[Black "Somerville, Kenneth"]
[Result "0-1"]
[WhiteElo "1298"]
[BlackElo "1698"]
[PlyCount "44"]
[EventDate "2010.??.??"]

1. e4 e6 2. d4 d5 3. Nd2 Nf6 4. e5 Nfd7 5. f4 c5 6. c3 Nc6 7. Ngf3 Be7 8. g3
O-O 9. Bd3 Qb6 10. Nf1 f6 11. Qc2 f5 12. Ng5 Bxg5 13. fxg5 cxd4 14. b4 Ndxe5
15. Be2 dxc3 16. Qxc3 Bd7 17. b5 d4 18. Qb2 Na5 19. Nd2 f4 20. gxf4 Rxf4 21.
Nb3 Re4 22. Nxa5 Nd3+ 0-1

[Event "Mechanics' Fall TNM; 30/90, SD/30"]
[Site "San Francisco"]
[Date "2010.11.09"]
[Round "4.24"]
[White "Capdeville, Barry"]
[Black "Trestor, David"]
[Result "0-1"]
[WhiteElo "1298"]
[BlackElo "1790"]
[PlyCount "50"]
[EventDate "2010.??.??"]

1. e4 c5 2. Nf3 g6 3. d4 cxd4 4. Nxd4 Nc6 5. Be3 Bg7 6. c3 Nf6 7. Nd2 O-O 8.
Be2 d5 9. Qc2 dxe4 10. Nxe4 Ng4 11. Nxc6 Nxe3 12. fxe3 bxc6 13. O-O Qb6 14. Bf3
Qxe3+ 15. Kh1 Bf5 16. Rae1 Qb6 17. Qe2 Rfd8 18. Nf2 Rd7 19. Rd1 Rc7 20. Ne4 Rb8
21. Rf2 Rcb7 22. Bg4 Bxe4 23. Qxe4 Qxf2 24. Qd3 Rxb2 25. Rf1 Qxg2# 0-1

[Event "Mechanics' Fall TNM; 30/90, SD/30"]
[Site "San Francisco"]
[Date "2010.11.02"]
[Round "3.13"]
[White "Chalissery, Jossy"]
[Black "Ochoa, Jason"]
[Result "1-0"]
[WhiteElo "1698"]
[BlackElo "1900"]
[PlyCount "29"]
[EventDate "2010.??.??"]

1. b3 Nc6 2. Bb2 e5 3. e3 Bc5 4. Bb5 Qe7 5. Ne2 Nf6 6. d4 exd4 7. exd4 Bxd4 8.
Bxd4 Qb4+ 9. Nbc3 Ne4 10. Bxc6 dxc6 11. a3 Qe7 12. O-O Bf5 13. Nxe4 Qxe4 14.
Ng3 Qxc2 15. Bxg7 1-0

[Event "Mechanics' Fall TNM; 30/90, SD/30"]
[Site "San Francisco"]
[Date "2010.11.16"]
[Round "5.14"]
[White "Chalissery, Jossy"]
[Black "Wang, Yuan"]
[Result "0-1"]
[WhiteElo "1698"]
[BlackElo "1894"]
[PlyCount "82"]
[EventDate "2010.??.??"]

1. b3 d5 2. Bb2 Nf6 3. e3 Bf5 4. c4 e6 5. Nc3 Be7 6. cxd5 exd5 7. Nf3 O-O 8.
Be2 Nbd7 9. O-O c6 10. Nh4 Be6 11. f4 Nc5 12. Nf3 Bf5 13. Ne5 d4 14. Na4 Nxa4
15. bxa4 dxe3 16. dxe3 Bc5 17. Qb3 Qe7 18. Rac1 Nd5 19. Rf3 f6 20. Rxc5 Qxc5
21. Ba3 Qa5 22. Nc4 Qe1+ 23. Bf1 Rfe8 24. Nd6 Bg4 25. Rf2 b6 26. Nxe8 Rxe8 27.
h3 Rxe3 28. Qb2 Bd7 29. Re2 Rxe2 30. Qxe2 Qxe2 31. Bxe2 Nxf4 32. Bf3 c5 33. a5
Be6 34. axb6 axb6 35. Bc1 Nd3 36. Be3 Bxa2 37. Bc6 h6 38. Bb5 Ne5 39. Kf2 Kf7
40. Ke2 Bc4+ 41. Bxc4+ Nxc4 0-1

[Event "Mechanics' Fall TNM; 30/90, SD/30"]
[Site "San Francisco"]
[Date "2010.11.02"]
[Round "3.11"]
[White "Chamberlain, Ethan"]
[Black "Klinetobe, David"]
[Result "0-1"]
[WhiteElo "1703"]
[BlackElo "2010"]
[PlyCount "58"]
[EventDate "2010.??.??"]

1. e4 e6 2. d4 d5 3. Nc3 Nf6 4. e5 Nfd7 5. f4 c5 6. Nf3 Nc6 7. Be3 a6 8. Qd2 b5
9. Bd3 c4 10. Be2 b4 11. Nd1 c3 12. bxc3 bxc3 13. Qc1 Qa5 14. O-O Ba3 15. Qb1
Rb8 16. Qb3 Rxb3 17. axb3 Nb4 18. Ne1 O-O 19. Bc1 Qc7 20. Bxa3 Qb6 21. Bc1 a5
22. Be3 Qc7 23. Nf2 Nb8 24. Bb5 Qb6 25. Ba4 Ba6 26. Nfd3 Nxc2 27. Nxc2 Bxd3 28.
Rf2 Rc8 29. Rd1 Bb5 0-1

[Event "Mechanics' Fall TNM; 30/90, SD/30"]
[Site "San Francisco"]
[Date "2010.11.23"]
[Round "6.18"]
[White "Chamberlain, Ethan"]
[Black "MacIntyre, Brendan"]
[Result "1-0"]
[WhiteElo "1703"]
[BlackElo "1676"]
[PlyCount "51"]
[EventDate "2010.??.??"]

1. e4 c5 2. Nf3 Nc6 3. d4 cxd4 4. Nxd4 g6 5. c4 Bg7 6. Nc2 Nf6 7. Nc3 O-O 8.
Be2 d6 9. O-O Bd7 10. Be3 a6 11. Rc1 Rc8 12. f3 Qa5 13. a3 Ne5 14. b4 Qd8 15.
c5 dxc5 16. Bxc5 b5 17. Ne3 Re8 18. f4 Nc6 19. e5 Nh5 20. Bxh5 gxh5 21. Qxh5
Be6 22. Rcd1 Qc7 23. Ncd5 Qb7 24. f5 Bxd5 25. f6 Be6 26. Qg5 1-0